| 000 | 00885cam a22003131 4500 | ||
|---|---|---|---|
| 001 | data | ||
| 005 | 20260322212122.0 | ||
| 008 | data | ||
| 035 | _a7501839 | ||
| 906 |
_a7 _bcbc _coclcrpl _du _encip _f19 _gy-gencatlg |
||
| 010 | _a 62009239 | ||
| 035 | _9(DLC) 62009239 | ||
| 035 | _a(OCoLC)1635939 | ||
| 040 |
_aDLC _cOT _dDLC |
||
| 042 | _apremarc | ||
| 050 | 0 | 0 |
_aPZ9.J8 _bSp |
| 100 | 1 | _aJupo, Frank J. | |
| 245 | 1 | 0 |
_aSports, sports everywhere, _cwritten and illustrated by Frank Jupo. |
| 260 |
_aNew York, _bDodd, _c[c1962] |
||
| 300 | _a64 p. | ||
| 336 |
_atext _btxt _2rdacontent |
||
| 337 |
_aunmediated _bn _2rdamedia |
||
| 338 |
_avolume _bnc _2rdacarrier |
||
| 650 | 0 | _aSports. | |
| 650 | 1 | _aSports. | |
| 985 | _eOCLC REPLACEMENT cdsdistr | ||
| 991 |
_bc-GenColl _hPZ9.J8 _iSp _p0002088762A _tCopy 1 _wOCLCREP |
||
| 999 |
_c1872 _d1872 |
||